Les fondements logiques des mathématiques /
Guardado en:
| Autor Principal: | |
|---|---|
| Formato: | Libro |
| Idioma: | French |
| Publicado: |
Paris :
Gauthier-Villars,
1955.
|
| Edición: | 2e éd. rev et augm. |
| Series: | Collection de logique mathématique, sér. A ;
1 |
| Etiquetas: |
Agregar Etiqueta
Sin Etiquetas, Sea el primero en etiquetar este registro!
|
| LEADER | 00551nam a22001695a 4500 | ||
|---|---|---|---|
| 001 | MAT.inmabb001613 | ||
| 008 | 031124s1955####fr############000#0#fre#d | ||
| 005 | 20130312154847.0 | ||
| 245 | 1 | 4 | |a Les fondements logiques des mathématiques / |c par E. W. Beth. |
| 250 | |a 2e éd. rev et augm. | ||
| 260 | |a Paris : |b Gauthier-Villars, |c 1955. | ||
| 300 | |a xv, 241 p. ; |c 24 cm. | ||
| 440 | 0 | |a Collection de logique mathématique, sér. A ; |v 1 | |
| 510 | 4 | |a MR, |c 16,435l | |
| 100 | 1 | |a Beth, Evert Willem. | |
| 084 | |a 03-01 |2 msc2000 | ||
| 859 | |h 03 |i B562 |p A-2003 |b BIB. MATEMATICA | ||
